| 000 | 00662nam a2200217 a 4500 | ||
|---|---|---|---|
| 005 | 20240803063825.0 | ||
| 008 | 090629s2006 ag r 000 0 spa d | ||
| 020 | _a9507532005 (10 dígitos) | ||
| 020 | _a9789507532009 (13 dígitos) | ||
| 035 | _aUPN01000171503 | ||
| 049 | _aCG | ||
| 050 | 4 |
_aPT2673 M3.2 _bH3.2 |
|
| 100 | 1 |
_aMichaelis, Antonia, _d1979- |
|
| 245 | 1 | 3 |
_aLa habitación adoptiva / _cAntonia Michaelis ; tr. Lejandra Obermeier. |
| 260 |
_aBuenos Aires : _bCántaro, _c2006. |
||
| 300 |
_a188 p. : _bil. |
||
| 440 | 0 | _aAldea literaria | |
| 534 |
_pTítulo original: _tDas adoptivzimmer |
||
| 650 | 4 |
_aNovela alemana _911856 |
|
| 905 | _aLibro | ||
| 999 |
_c143608 _d143608 |
||